Tribhuvan University Central Library

Elementary school mathematics: (Record no. 98365)

MARC details
000 -LEADER
fixed length control field 00511nam a22002057a 4500
008 - FIXED-LENGTH DATA ELEMENTS--GENERAL INFORMATION
fixed length control field 210211b xxu||||| |||| 00| 0 eng d
020 ## - INTERNATIONAL STANDARD BOOK NUMBER
International Standard Book Number 9789994650583
082 ## - DEWEY DECIMAL CLASSIFICATION NUMBER
Classification number 510/D26e
100 ## - MAIN ENTRY--PERSONAL NAME
Personal name Das, M.L.
245 ## - TITLE STATEMENT
Title Elementary school mathematics:
Remainder of title For class 8
250 ## - EDITION STATEMENT
Edition statement 3rd.
260 ## - PUBLICATION, DISTRIBUTION, ETC.
Place of publication, distribution, etc. Kathmandu:
Name of publisher, distributor, etc. Koselee Prakashan,
Date of publication, distribution, etc. 2007
300 ## - PHYSICAL DESCRIPTION
Extent 358p.;illus.
650 ## - SUBJECT ADDED ENTRY--TOPICAL TERM
Topical term or geographic name entry element Mathematics
650 ## - SUBJECT ADDED ENTRY--TOPICAL TERM
Topical term or geographic name entry element Statistics
650 ## - SUBJECT ADDED ENTRY--TOPICAL TERM
Topical term or geographic name entry element Algebra
650 ## - SUBJECT ADDED ENTRY--TOPICAL TERM
Topical term or geographic name entry element Triangles
700 ## - ADDED ENTRY--PERSONAL NAME
Personal name Gupta, C.p.
942 ## - ADDED ENTRY ELEMENTS (KOHA)
Source of classification or shelving scheme Dewey Decimal Classification
Koha item type ISBN
Holdings
Withdrawn status Lost status Source of classification or shelving scheme Damaged status Not for loan Home library Current library Date acquired Total Checkouts Full call number Barcode Date last seen Price effective from Koha item type
    Dewey Decimal Classification     Tribhuvan University Central Library Tribhuvan University Central Library 02/11/2021   510/D26e IS18797 02/11/2021 02/11/2021 ISBN